000 00477nam a2200181Ia 4500
001 11217
005 20260306161930.0
008 260306t2016||||xx |||||||||||||| ||spa||
041 _aESP
082 _a985.019
_bL21
100 _aLamana, Gonzalo
_eAUT
245 0 _aDominación sin dominio:
_bel encuentro inca-español en el Perú colonial temprano
260 _c2016
300 _a271 páginas :
_c23 cm.
650 _aGEN
654 _aCHU
942 _cLIB
_dJUS
_fJUS
_2ddc
_n
999 _c11217
_d11217